STRATEGIC MARKETING CHANNEL MANAGEMENT (Record no. 9772)
[ view plain ]
| 000 -LEADER | |
|---|---|
| fixed length control field | 00332nam a2200133Ia 4500 |
| 003 - CONTROL NUMBER IDENTIFIER | |
| control field | OSt |
| 005 - DATE AND TIME OF LATEST TRANSACTION | |
| control field | 20240102072424.0 |
| 008 - FIXED-LENGTH DATA ELEMENTS--GENERAL INFORMATION | |
| fixed length control field | 170524s9999 xx 000 0 und d |
| 020 ## - INTERNATIONAL STANDARD BOOK NUMBER | |
| International Standard Book Number | 0070586691 |
| 040 ## - CATALOGING SOURCE | |
| Transcribing agency | iimt university meerut |
| 100 ## - MAIN ENTRY--PERSONAL NAME | |
| Personal name | BOWERSOX- DONALD J. |
| 245 #0 - TITLE STATEMENT | |
| Title | STRATEGIC MARKETING CHANNEL MANAGEMENT |
| 942 ## - ADDED ENTRY ELEMENTS (KOHA) | |
| Source of classification or shelving scheme | |
| Koha item type | Book Bank |
| Withdrawn status | Lost status | Source of classification or shelving scheme | Damaged status | Not for loan | Home library | Current library | Date acquired | Barcode | Date last seen | Uniform Resource Identifier | Price effective from | Koha item type |
|---|---|---|---|---|---|---|---|---|---|---|---|---|
| IIMT University Central Library Meerut | IIMT University Central Library Meerut | 06/01/2017 | 01-B-95605 | 06/01/2017 | MARKETING MANAGEMENT | 06/01/2017 | Reference Book | |||||
| IIMT University Central Library Meerut | IIMT University Central Library Meerut | 06/01/2017 | 01-B-95606 | 06/01/2017 | MARKETING MANAGEMENT | 06/01/2017 | Book Bank | |||||
| IIMT University Central Library Meerut | IIMT University Central Library Meerut | 06/01/2017 | 01-B-95607 | 06/01/2017 | MARKETING MANAGEMENT | 06/01/2017 | Book Bank | |||||
| IIMT University Central Library Meerut | IIMT University Central Library Meerut | 06/01/2017 | 01-B-95608 | 06/01/2017 | MARKETING MANAGEMENT | 06/01/2017 | Book Bank |

